Normal view
MARC view
Entry Personal Name
001 - CONTROL NUMBER
- control field: 30478
003 - CONTROL NUMBER IDENTIFIER
- control field: dpl
005 - DATE AND TIME OF LATEST TRANSACTION
- control field: 20110729115358.0
008 - FIXED-LENGTH DATA ELEMENTS
- fixed length control field: 110729|||a|||||| | ||| d
040 ## - CATALOGING SOURCE
- Original cataloging agency: dpl
- Transcribing agency: dpl
100 ## - HEADING--PERSONAL NAME
- Personal name: श्रीवास्तव, सरिता
670 ## - SOURCE DATA FOUND
- Source citation: Work cat.: (dpl)50718: श्रीवास्तव, सरिता, महान वैज्ञानिकः (जगदीशचन्द्र बसु, डॅा. हरगोविन्द खुराना जेम्स वाट, डॅा. शान्ति स्वरूप भटनागर सी.वी.रमन), 2010
670 ## - SOURCE DATA FOUND
- Source citation: Work cat.: (dpl)50718: श्रीवास्तव, सरिता, महान वैज्ञानिकः (जगदीशचन्द्र बसु, डॅा. हरगोविन्द खुराना जेम्स वाट, डॅा. शान्ति स्वरूप भटनागर सी.वी.रमन), 2010
